CUDZIE TELESÁ V STREDNOM UCHU

Bibliographic Details
Main Authors: Lajda, Ján (Author), Strelka, Jozef, 1921-2001 (Author)
Format: Article
Language:Slovak

MARC

LEADER 00000nab a2200000ua 4500
001 vtls010771704
003 SK-MaSNL
005 20260303123354.0
008 230214s1951 xo |||||||||||||||||slo|
035 |a (urnnbn)urn:nbn:sk:snk:ar-a038f2 
035 |a (uuid)3a5c5808-26fb-4a35-871a-6e751f707ba6 
035 |a urn:nbn:sk:snk-ab54zd 
040 |a SNKBUCL  |b slo  |c SNKBUCL  |e AACR2 
041 0 |a slo 
044 |a xo  |c SK 
100 1 |a Lajda, Ján  |4 aut  |9 346808 
245 1 0 |a CUDZIE TELESÁ V STREDNOM UCHU  |c Ján Lajda, Jozef Strelka 
700 1 |a Strelka, Jozef,  |d 1921-2001  |4 aut  |9 39983 
773 0 |t Bratislavské lekárske listy  |g Roč. 31, č. 10 (1951), s. 1041-1045 
954 |a odborná, vedecká literatúra pôvodná (slovenská)  |2 lita 
958 |a OND 
958 |a EUIPO 
958 |a article3 
999 |c 1925509  |d 1927439